000 00645nam a2200181Ia 4500
008 100920s9999 xx 000 0 und d
082 _b54032
_a28 व 375 थ 88
100 _aराजगुरू श्रीधर ,गरसोळे सुरेश.
245 _aशालेय खेळ.
260 _bइंद्रायणी साहित्य प्रकाशन पुणे 30.
_c1988
300 _a40
_bसाधी
365 _b8
520 _aबा.वि.शालो.
630 _aशालेय खेळ.
650 _aबा.वि.शालो.
730 _aशालेय खेळ.
942 _cBOOK
999 _c698989
_d698986